Equlibrium Strategies among Supply Chain Members
Štruktúra dvojstupňovej zásobovacej siete. Zásobovacie a dopytovacie funkcie v zásobovacej sieti.
Salvato in:
| Autore principale: | |
|---|---|
| Altri autori: | , |
| Natura: | Capitolo di libro |
| Lingua: | inglese |
| Soggetti: | |
| Tags: |
Nessun Tag, puoi essere il primo ad aggiungerne!!
|
MARC
| LEADER | 00000naa a2200000 4500 | ||
|---|---|---|---|
| 001 | 0197136 | ||
| 005 | 20240716091500.2 | ||
| 041 | 0 | |a eng | |
| 044 | |a RS | ||
| 245 | 1 | 0 | |a Equlibrium Strategies among Supply Chain Members |c Ivan Brezina, Zuzana Čičková, Juraj Pekár |
| 520 | |a Štruktúra dvojstupňovej zásobovacej siete. Zásobovacie a dopytovacie funkcie v zásobovacej sieti. | ||
| 610 | 2 | 0 | |a siete obchodné |
| 610 | 2 | 0 | |a modely rovnováhy |
| 610 | 2 | 0 | |a rovnováha |
| 610 | 2 | 0 | |a zásobovanie |
| 610 | 2 | 0 | |a dopyt |
| 100 | 1 | |a Brezina, Ivan, 1963- | |
| 700 | 1 | |a Čičková, Zuzana, 1978- | |
| 700 | 1 | |a Pekár, Juraj, 1972- | |